书目信息 |
| 题名: |
严寒来自克里姆林宫
|
|
| 作者: | 姆林纳日 著 ;新征 译 | |
| 分册: | ||
| 出版信息: | 北京 世界知识出版社 1980 |
|
| 页数: | 295页 | |
| 开本: | 21cm | |
| 丛书名: | ||
| 单 册: | ||
| 中图分类: | D751.20 , D514 | |
| 科图分类: | ||
| 主题词: | 政治--概况--苏联 , 国际政治 | |
| 电子资源: | ||
| ISBN: | ||
| 000 | 00728nam0 2200265 45 | |
| 001 | 0180008030 | |
| 005 | 20060911085445.56 | |
| 010 | @dCNY0.98 | |
| 091 | @a3003.1604 | |
| 100 | @a19950309d1980 em y0chiy0121 ea | |
| 101 | 1 | @achi@ccze |
| 102 | @aCN@b110000 | |
| 105 | @af z 000yy | |
| 200 | 10 | @a严寒来自克里姆林宫@Ayan han lai zi ke li mu lin gong@f(捷)姆林纳日著@g新征译 |
| 210 | @a北京@c世界知识出版社@d1980 | |
| 215 | @a295页@c照片@d21cm | |
| 606 | @a政治@x概况@y苏联 | |
| 606 | 0 | @a国际政治 |
| 690 | @aD751.20@v3 | |
| 690 | @aD514 | |
| 701 | 1 | @a姆林纳日@Amu lin na ri@4著 |
| 702 | 0 | @a新征@Axin zheng@4译 |
| 801 | 2 | @aCN@bNLC@c20060911 |
| 801 | 0 | @aCN@b上海图书馆@c20060731 |
| 905 | @f1@b32590@dD514@e8 | |
| 严寒来自克里姆林宫/(捷)姆林纳日著/新征译.-北京:世界知识出版社,1980 |
| 295页:照片;21cm |
| ISBN :CNY0.98 |
| ● |
| 相关链接 |
|
|
|
|
正题名:严寒来自克里姆林宫
索取号:D514/8
 
预约/预借
| 序号 | 登录号 | 条形码 | 馆藏地/架位号 | 状态 | 备注 |
| 1 | 0032588 | 001748292 | 密集书库/ [索取号:D514/8] | 在馆 | |
| 2 | 0032589 | 001763826 | 密集书库/ [索取号:D514/8] | 在馆 | |
| 3 | 0032590 | 000481473 | 第一样本阅览室/ [索取号:D514/8] | 在馆 | |
| 4 | 0032591 | 001921807 | 密集书库/ [索取号:D514/8] | 在馆 | |
| 5 | 0032592 | 001763693 | 密集书库/ [索取号:D514/8] | 在馆 | |
| 6 | 0440864 | 204408649 | 密集书库/ [索取号:D514/8] | 在馆 | |
| 7 | 0440925 | 204409256 | 密集书库/ [索取号:D514/8] | 在馆 | |
| 8 | 0471859 | 204718591 | 密集书库/ [索取号:D514/8] | 在馆 |